LEADER 01188nam a2200217 i 4500 001 000000129102 003 CaOOAMICUS 005 20040915000000.0 008 040915s1998 vc u000 u mul u 013 $a101835 040 $aSeMil$bita 245 10$aVademecum Synodi :$bJesu Christ the Saviour and his mission of love and service in Asia: «...That they may have life, and have it abundantly» (Jn 10,10) 300 $a[103] p. in più sequenze. 490 0 $aSynodus Episcoporum 500 $aIn testa al front. : Synodus Episcoporum ; Coetus Specialis pro Asia. - Il complemento al titolo precede il titolo. 773 0 $tRelatio circa labores peractos in coetu speciali pro Asia Synodi Episcoporum.$dE Civitate Vaticana : [s.n.], 1996-1998.$g3$w()12045 830 0$aSynodus Episcoporum.$0(OLS)http://semarc/title/13886 850 $aSeMil 852 $aSeMil$W1$xVenegono$y1$mFV.E VII 157/3$j83237$B83237$CSeMilBibl$Z2$F86231 $8B 961 $aOmaggio: Martini Card. Carlo Maria 996 $6245$aVademecum Synodi :$bJesu Christ the Saviour and his mission of love and service in Asia: «...That they may have life, and have it abundantly» (Jn 10,10)$9(OLS)http://semarc/title/190804 LEADER 00992nam a2200253 i 4500 001 000000035191 003 CaOOAMICUS 005 20251010145534.0 008 150824s1989 xx u000 u mul u 013 $a3116 020 $a2-503-41062-6 040 $aSeMil$bita 245 10$a2: Textus. 300 $aP. 424-848, [5] c. di tav. ripieg. ;$c26 cm. 490 0 $aCorpus Christianorum. Series Apocryphorum ;$v6 500 $aLa vie d'Andre / par Gregoire de Tours (p. 551-651). 773 0 $tActa Andreae.$dTurnhout : Brepols, 1989.$kCorpus Christianorum. Series Apocryphorum$g2$w()32482 830 0$aCorpus Christianorum. Series Apocryphorum ;$v6.$0(OLS)http://semarc/title/126 850 $aSeMil 852 $aSeMil$W1$xVenegono$y1$mSL2.E III 6$j1346$B1346$CSeMilBibl$Z2$F1346 $8I 961 $aSottoscrizione: Brepols 996 $6020$a2-503-41062-6$9(OLS)http://semarc/number/3278 996 $6245$a2: Textus$9(OLS)http://semarc/title/263572